[Event "CZE-chT1W 2122"]
[Site "Czech Republic"]
[Date "2022.01.09"]
[Round "6.4"]
[White "Votava, Jan"]
[Black "Velicka, Petr"]
[Result "1-0"]
[WhiteElo "2492"]
[BlackElo "2398"]
[PlyCount "95"]
[EventDate "2021.10.10"]
[EventType "team-tourn"]
[EventRounds "11"]
[EventCountry "CZE"]
[SourceTitle "EXT 2023"]
[Source "ChessBase"]
[SourceDate "2022.10.05"]
[SourceVersion "1"]
[SourceVersionDate "2022.10.05"]
[SourceQuality "1"]
[WhiteTeam "Polabiny II"]
[BlackTeam "Neratovice"]
[WhiteTeamCountry "CZE"]
[BlackTeamCountry "CZE"]

1. d4 d5 2. c4 c6 3. Nc3 Nf6 4. e3 a6 5. a4 e6 6. Nf3 c5 7. cxd5 exd5 8. Be2 Nc6 9. 0-0 Bd6 10. dxc5 Bxc5 11. Nd4 0-0 12. Nxc6 bxc6 13. a5 Rb8 14. Bd2 Bd6 15. Qc2 Bc7 16. Rfd1 Qd6 17. g3 Bg4 18. Be1 Bxe2 19. Nxe2 Ng4 20. Ra4 Qd7 21. Kg2 Rfe8 22. e4 Be5 23. Bc3 Bxc3 24. Nxc3 Nf6 25. exd5 cxd5 26. Rad4 Qb7 27. b4 Rec8 28. Qd3 Rc4 29. Rxc4 dxc4+ 30. Qf3 Qc7 31. Qf4 Qxf4 32. gxf4 Kf8 33. Rb1 Ke7 34. b5 axb5 35. Rxb5 Ra8 36. Kf3 Kd6 37. Ke3 Ng4+ 38. Kd4 Nxh2 39. Rb6+ Kd7 40. a6 h5 41. Nb5 h4 42. a7 h3 43. Kd5 Ke7 44. Rb8 Rxa7 45. Nxa7 Ng4 46. Nc6+ Kf6 47. Ne5 Nxf2 48. Rb7 1-0

[Event "CZE-chT 2122"]
[Site "Czech Republic"]
[Date "2021.12.18"]
[Round "5.2"]
[White "Roubalik, Jakub"]
[Black "Velicka, Petr"]
[Result "0-1"]
[WhiteElo "2391"]
[BlackElo "2398"]
[PlyCount "112"]
[EventDate "2021.10.15"]
[EventType "team-tourn"]
[EventRounds "15"]
[EventCountry "CZE"]
[SourceTitle "EXT 2023"]
[Source "ChessBase"]
[SourceDate "2022.10.05"]
[SourceVersion "1"]
[SourceVersionDate "2022.10.05"]
[SourceQuality "1"]
[WhiteTeam "Brno Moravska Slavia"]
[BlackTeam "Ostrava Labortech"]
[WhiteTeamCountry "CZE"]
[BlackTeamCountry "CZE"]

1. d4 d5 2. c4 c6 3. Nc3 Nf6 4. Nf3 a6 5. e3 b5 6. b3 Bg4 7. h3 Bf5 8. Be2 Nbd7 9. 0-0 e6 10. Bb2 Bd6 11. Nh4 Be4 12. Nf3 Bg6 13. Bd3 0-0 14. c5 Bc7 15. Ne2 Bxd3 16. Qxd3 Ne4 17. b4 a5 18. a3 Qf6 19. Nd2 Qg6 20. Nxe4 dxe4 21. Qc2 a4 22. f3 Nf6 23. fxe4 Qxe4 24. Qd2 Nd5 25. Rf3 Qg6 26. Re1 f5 27. Nc3 Rad8 28. Qc2 Nf6 29. e4 fxe4 30. Nxe4 Nd5 31. Ref1 Rf5 32. Bc1 Rdf8 33. Qe2 Rxf3 34. Rxf3 Rxf3 35. Qxf3 Qf5 36. Kf2 h6 37. Bd2 Kf7 38. g4 Qxf3+ 39. Kxf3 e5 40. Nc3 Nxc3 41. Bxc3 Ke6 42. Ke4 exd4 43. Bxd4 g6 44. Bg7 h5 45. Bd4 hxg4 46. hxg4 Bd8 47. Be3 Bf6 48. Bc1 Be5 49. Ke3 Kd5 50. Kd3 Bd4 51. Bd2 Bb2 52. Kc2 Bxa3 53. Kc3 Ke4 54. g5 Kf5 55. Be3 Ke5 56. Bd2 Ke4 0-1

[Event "POL-chT 2nd League"]
[Site "Sypniewo"]
[Date "2021.09.11"]
[Round "8.1"]
[White "Velicka, Petr"]
[Black "Paszek, Krzysztof"]
[Result "1-0"]
[WhiteElo "2393"]
[BlackElo "2125"]
[PlyCount "77"]
[EventDate "2021.09.04"]
[EventType "team-swiss"]
[EventRounds "9"]
[EventCountry "POL"]
[SourceTitle "CBM 204 Extra"]
[Source "ChessBase"]
[SourceDate "2021.11.30"]
[SourceVersion "1"]
[SourceVersionDate "2021.11.30"]
[SourceQuality "1"]
[WhiteTeam "Kopernik WKS"]
[BlackTeam "Zakrzewo Korona"]
[WhiteTeamCountry "POL"]
[BlackTeamCountry "POL"]

1. e4 c5 2. Nf3 d6 3. Bb5+ Bd7 4. Bxd7+ Qxd7 5. c4 Nc6 6. Nc3 g6 7. d4 cxd4 8. Nxd4 Bg7 9. Be3 Nf6 10. f3 0-0 11. 0-0 h5 12. Qd2 Rac8 13. b3 a6 14. a4 Qd8 15. Rab1 Re8 16. Rfd1 Qa5 17. Kh1 Nd7 18. Nde2 Nde5 19. h3 Nd7 20. Nd4 Nxd4 21. Bxd4 Bxd4 22. Qxd4 Qe5 23. Qd2 Nf6 24. Qe3 Red8 25. Rd3 Qc5 26. Qh6 e6 27. Rbd1 Qe5 28. f4 Qa5 29. f5 exf5 30. Nd5 Nxd5 31. Rxd5 Rc5 32. exf5 Rxd5 33. Rxd5 Qe1+ 34. Kh2 h4 35. Qg5 Qg3+ 36. Qxg3 hxg3+ 37. Kxg3 gxf5 38. Kf4 Kf8 39. c5 1-0